Ebony - Unforgettable (paroles) - Statistiques

Statistiques générales
  • Ce quiz a été pris 19 fois
  • Le résultat moyen est 156 sur 189
Statistiques - réponses
Paroles % Correct
je
100%
Refrain Je
100%
la
100%
100%
serai
100%
à
93%
blessé
93%
crier
93%
de
93%
jamais
93%
j'amais
93%
laissé
93%
le
93%
loin
93%
même
93%
mots
93%
plus
93%
toi
93%
unforgettable
93%
ai
87%
ces
87%
crierai
87%
faire
87%
les
87%
ma
87%
mais
87%
moi
87%
on
87%
que
87%
ton
87%
t'oublierai
87%
aimé
80%
dans
80%
et
80%
fenêtre
80%
Oh
80%
oui
80%
qui
80%
s'est
80%
ta
80%
te
80%
tu
80%
être
73%
fait
73%
femme
73%
j'en
73%
l'orage
73%
montagnes
73%
perdre
73%
pour
73%
serais
73%
tes
73%
tête
73%
tour
73%
tous
73%
voulais
73%
amour
67%
avoir
67%
cette
67%
crois
67%
matins
67%
mes
67%
noir
67%
réveil
67%
rue
67%
soleil
67%
soulever
67%
coeur
60%
larmes
60%
mémoire
60%
reconnu
60%
rêves
60%
sécherai
60%
sommeil
60%
tristesse
60%
ciel
47%
flammes
47%
Couplet 1 J'étais
47%
j'étais
47%
nuages
47%
brûler
33%
tonnerre
33%
laisser
27%
soulèvrai
27%
ouh ouh
7%
Aucun quiz correspondant
Distribution des résultats
% des personnes avec chaque résultat
Percentile par nombre de réponses
Votre historique - résultats
Vous n’avez pas pris ce quiz